La vie romanesque d'un aristocrate français du XX-ème siècle (Запись № 3845855)

Подробности
000 -МАРКЕР
контрольное поле 01180nam0a2200265 4500
001 - ИДЕНТИФИКАТОР ЗАПИСИ
контрольное поле RU\NLR\b_ik\190568
005 - ИДЕНТИФИКАТОР ВЕРСИИ
контрольное поле 20260405223242.0
010 ## - МЕЖДУНАРОДНЫЙ СТАНДАРТНЫЙ НОМЕР КНИГИ (ISBN)
Номер (ISBN) 978-5-93425-017-2
035 ## - ДРУГИЕ СИСТЕМНЫЕ НОМЕРА
Идентификатор записи (NLR Aleph) 002263032
100 ## - ДАННЫЕ ОБЩЕЙ ОБРАБОТКИ
Данные общей обработки 20110614d2010 |||y0rusy50 ca
101 0# - ЯЗЫК РЕСУРСА
Язык текста, звукозаписи и т.д. французский
102 ## - СТРАНА ПУБЛИКАЦИИ ИЛИ ПРОИЗВОДСТВА
Страна публикации Российская Федерация
105 ## - ПОЛЕ КОДИРОВАННЫХ ДАННЫХ: ТЕКСТОВЫЕ МАТЕРИАЛЫ, МОНОГРАФИЧЕСКИЕ
Кодированные данные о монографическом текстовом документе ach |||||||||
200 1# - ЗАГЛАВИЕ И СВЕДЕНИЯ ОБ ОТВЕТСТВЕННОСТИ
Основное заглавие La vie romanesque d'un aristocrate français du XX-ème siècle
Первые сведения об ответственности Laurent de Gouvion Saint-Cyr
Последующие сведения об ответственности [préf., notes - Ludmilla Dmitrievna Perepiolkina]
210 ## - ПУБЛИКАЦИЯ, РАСПРОСТРАНЕНИЕ И ДР.
Место издания, распространения и т.д. Saint-Petersbourg
Имя издателя, распространителя и т. д. Nemtinov
Дата издания, распространения и т.д. cop. 2010
215 ## - ФИЗИЧЕСКАЯ ХАРАКТЕРИСТИКА
Специфическое обозначение материала и объем 552 c., [6] л. ил., факс., портр.
Размеры 22
541 0# - ПЕРЕВОД ЗАГЛАВИЯ, СДЕЛАННЫЙ КАТАЛОГИЗАТОРОМ
Заглавие Романтическая жизнь французской аристократии в 20-м веке
Язык заглавия русский
606 1# - НАИМЕНОВАНИЕ ТЕМЫ КАК ПРЕДМЕТ
Наименование темы Аристократия
Тематический подзаголовок История
Географический подзаголовок Франция
Хронологический подзаголовок 20 в.
Системный номер авторитетной/нормативной записи 2626306
Идентификатор авторитетной/нормативной записи RU\NLR\AUTH\661562866
686 1# - ИНДЕКСЫ ДРУГИХ КЛАССИФИКАЦИЙ
Индекс Т3(4Фр)6-286
700 #1 - ИМЯ ЛИЦА - ПЕРВИЧНАЯ ОТВЕТСТВЕННОСТЬ
Код отношения Автор
Материалы, к которым относится поле fre
Графика поля Латинская
Начальный элемент ввода Gouvion Saint-Cyr
Часть имени, кроме начального элемента ввода L. de
Дополнения к именам, кроме дат журналист, писатель
Даты 1915-2011
Расширение инициалов личного имени Laurent de
Идентификатор авторитетной/нормативной записи RU\NLR\AUTH\77101456
Системный номер авторитетной/нормативной записи 84382
801 #0 - ИСТОЧНИК ЗАПИСИ
Страна Российская Федерация
Организация NLR
Дата составления 20110614
Правила каталогизации RCR
942 ## - ДОПОЛНИТЕЛЬНЫЕ ЭЛЕМЕНТЫ ЗАПИСИ (АБИС)
Тип экземпляра АБИС Книга
980 ## - КОЛЛЕКЦИЯ
Название коллекции Национальная библиография
Экземпляры
Тип экземпляра Дата поступления Источник поступления Библиотека постоянного хранения Библиотека текущего хранения Место хранения Шифр хранения Штрих-код Статус экземпляра Публичное примечание
Книга 14.06.2011 Обязательный экземпляр РНБ (Московский) РНБ (Московский) Иностранный книжный фонд Ик 2011-5/402 1097374   ;